000 00473nam a2200157Ia 4500
008 140925s9999 xx 000 0 und d
245 _aBritish journal of sports medicine /
_h[electronic resource]
260 _bBMJ Publishing Group Ltd.,
_cc2014.
516 _aElectronic text
650 _aJournal.
650 _aMedicine.
650 _aSports and Recreation.
830 _aBMJ Publishing Group LtdĀ 
856 _uhttp://bjsm.bmj.com/content/by/year
942 _cEJ
999 _c275853
_d275853